000 00428nam a2200145Ia 4500
003 GCL
008 140319s9999 xx 000 0 ara d
040 _aGCL /
_cGCL
082 0 4 _a944.05
_bك ت
100 1 _aمحمد ابوطائلة
245 1 0 _aتاليران: عالم مضطرب /
_cمحمد ابوطائلة
700 1 _aكوبر, دف
300 _a246 ص
490 _aالهيئة العامة للاستعلامات
_v0
999 _c47567
_d47567